| 000 | 01410cam a2200289 4500 | ||
|---|---|---|---|
| 008 | 040817n2004 000 0 eng u | ||
| 020 | _a1904388310 | ||
| 035 | _a(Sirsi) u127072 | ||
| 041 | _aeng | ||
| 050 | _a333.33 | ||
| 100 | _aCumming, John | ||
| 245 |
_aHow to manage your own block of flats _ba flat-owner's guide to taking and maintaining control |
||
| 250 | _a2nd ed. | ||
| 260 |
_aReading _bCollege of Estate Management _c2004 |
||
| 300 |
_a220p. _c24cm. |
||
| 350 | _a15.00 | ||
| 520 | _aThis practical guide provides a basic introduction for flat owners, who are involved or becoming involved in managing their own blocks of flats. It starts from a position of a leaseholder or group of leaseholders, who have already set up a company and obtained the ownership or through the terms of their lease, the management of the building or have taken over the administration of their block in the case of a Right to Manage company. Covers all aspects of the business of managing a resident-run building. Includes consideration of the relevant provisions of the Commonhold and Leasehold Reform Act 2002. | ||
| 590 | _aNB | ||
| 590 | _aNB | ||
| 650 | _aFLATS | ||
| 650 |
_aProperty management _96262 |
||
| 650 | _aRIGHT TO MANAGE | ||
| 650 | _aCOMMONHOLD AND LEASEHOLD REFORM ACT 2002 | ||
| 690 | _aPROPERTY MANAGEMENT-RESIDENTIAL PROPERTY | ||
| 700 | _aHickie, Richard | ||
| 942 | _n0 | ||
| 999 |
_c103697 _d103697 |
||